Fra Luis de Sousa / Almeida Garrett ; traducció de Gabriel de la S.T. Sampol ; pròleg de Perfecto Cuadrado
Descripción Física:
108 p. ; 17 cm
MARC
| LEADER | 00000nam a2200000Ia 4500 | ||
|---|---|---|---|
| 001 | 11608 | ||
| 008 | 160829s1997 xx 000 0 cat d | ||
| 080 | |a L-1-190 | ||
| 100 | |a Garrett, Almeida |9 27509 | ||
| 245 | |a Fra Luis de Sousa / Almeida Garrett ; traducció de Gabriel de la S.T. Sampol ; pròleg de Perfecto Cuadrado | ||
| 260 | |a Barcelona : |b Institut del Teatre, Diputació de Barcelona, |c 1997 | ||
| 300 | |a 108 p. ; |c 17 cm | ||
| 490 | |a Col·lecció popular de teatre clàssic universal ; 49 | ||
| 590 | |a Premi Josep M. de Sagarra 1995 | ||
| 700 | |a Sampol, Gabriel, tr. |9 27510 | ||
| 700 | |a Cuadrado, Perfecto-E., pr. |9 27511 | ||
| 710 | 1 | |a Institut del Teatre (Barcelona, Catalunya) |9 52662 | |
| 901 | |a Arxiu | ||
| 942 | |n 1 | ||
| 952 | |0 0 |1 0 |4 0 |6 L1190 |7 1 |9 44418 |a Arxiu |b Arxiu |d 2016-12-01 |l 0 |o L-1-190 |p 11608 |r 2016-12-01 00:00:00 |w 2016-12-01 |y ARXIU | ||
| 999 | |c 46999 |d 46999 | ||